000 00407nam a22001697a 4500
003 OSt
008 230325b |||||||| |||| 00| 0 eng d
020 _a978939332501973
082 _a621.382 DOE
100 _aDODO,Annabel Z
245 _aThe Essential Guide to Telecommunications
250 _a5th
260 _aUP
_bPearson
_c2013
300 _a483
650 _aTelecommunications
942 _2ddc
_cREF
999 _c11883
_d11883